ბათუმის შოთა რუსთაველის სახელმწიფო უნივერსიტეტის ბიბლიოთეკა

გეგუთის ძელქვები : (ბიბ.ჩანაწერი № 39507)

000 -ლიდერი
ფიქსირებული სიგრძის საკონტროლო ველი 00989nam a2200229Ia 4500
001 - საკონტროლო ნომერი
საკონტროლო ველი 6103
003 - საკონტროლო ნომრის იდენტიფიკატორი
საკონტროლო ველი GE_BSU
005 - ბოლო ოპერაციის თარიღი და დრო
საკონტროლო ველი 20190919170614.0
008 - ფიქსირებული სიგრძის მონაცემთა ელემენტები - ზოგადი ინფორმაცია
ფიქსირებული სიგრძის საკონტროლო ველი 181216s1968||||ge |||||||||||||| ||geo||
040 ## - კატალოგიზაციის წყარო
Transcribing agency GE_BSU
041 ## - ენის კოდი
Language code of text/sound track or separate title geo
080 ## - უნივერსალური ათობითი კლასიფიკაციის ინდექსი
Universal Decimal Classification number 821.353.1-343 ა-87
100 ## - მთავარი ჩანაწერი - პიროვნების სახელი
Personal name ასათიანი, მამია
9 (RLIN) 4148
245 ## - ცნობა სათაურის შესახებ
Title გეგუთის ძელქვები :
Remainder of title ლეგენდები, მწერლის ჩანაწერები /
Statement of responsibility, etc ასათიანი, მამია ; რედ. ნ. ინასარიძე.
264 ## - წარმოების, გამოცემის, დისტრიბუციის და სხვა ცნობები
გამოცემის, წარმოების, დისტრიბუციის... ადგილი თბილისი :
გამოცემის, წარმოების, დისტრიბუციის... სახელწოდება საბჭოთა საქართველო ;
გამოცემის, წარმოების, დისტრიბუციის... თარიღი 1968.
300 ## - ფიზიკური აღწერა
Extent 438 გვ. ;
Dimensions 21სმ.
653 ## - INDEX TERM--UNCONTROLLED
Uncontrolled term გეგუთის ძელქვები
653 ## - INDEX TERM--UNCONTROLLED
Uncontrolled term ლეგენდები
653 ## - INDEX TERM--UNCONTROLLED
Uncontrolled term მწერლის ჩანაწერები
700 ## - ADDED ENTRY--PERSONAL NAME
Personal name ინასარიძე, ნ.
Relator term რედაქტორი
9 (RLIN) 1193
942 ## - ADDED ENTRY ELEMENTS (KOHA)
Koha item type წიგნი
Source of classification or shelving scheme
ეგზემპლარები
ჩამოწერის სტატუსი დაკარგული ეგზემპლარის სტატუსი კლასიფიკაციის წყარო ან თაროზე გაწყობის სქემა დაზიანების სტატუსი არ გაიცემა მუდმივი მდებარეობა (დაცვის ადგილი) ამჟამინდელი ადგილსამყოფელი თაროზე განთავსების ადგილი შეძენის თარიღი ღირებულება, შესყიდვის ნორმალური ფასი სრული შენახვის შიფრი შტრიხკოდი ბოლო ოპერაციის თარიღი ეგზემპლარის მიმდევრობითი ნომერი (კეტერი?) ფასის ძალაში შესვლის თარიღი ეგზემპლარის სახეობა საჯარო შენიშვნა
          ბათუმის შოთა რუსთაველის სახელმწიფო უნივერსიტეტის მთავარი ბიბლიოთეკა ბათუმის შოთა რუსთაველის სახელმწიფო უნივერსიტეტის მთავარი ბიბლიოთეკა წიგნსაცავი 2018-12-17 1.46 821.353.1-343 ა-87 13778 2018-12-17 13778 2018-12-17 წიგნი 1.46 ლ.